L'encre du passé : Tome 2 /
Saved in:
| Hovedforfatter: | |
|---|---|
| Format: | Bog |
| Sprog: | engelsk fransk |
| Udgivet: |
Paris :
Hugo poche,
2021
|
| Serier: | New romance
290 |
| Tags: |
Ingen Tags, Vær først til at tagge denne postø!
|
MARC
| LEADER | 00000nam a22000007a 4500 | ||
|---|---|---|---|
| 003 | ct | ||
| 005 | 20260310165409.0 | ||
| 008 | 260310b |||||||| |||| 00| 0 eng d | ||
| 020 | |a 9782755687422 | ||
| 040 | |c ct | ||
| 041 | |a fre | ||
| 100 | |a Boyer, Erika | ||
| 245 | |a L'encre du passé : |b Tome 2 / |c Erika Boyer | ||
| 260 | |a Paris : |b Hugo poche, |c 2021 | ||
| 490 | |a New romance |v 290 | ||
| 942 | |2 ddc |c BK |n 0 | ||
| 952 | |0 0 |1 0 |2 ddc |4 0 |6 843_920000000000000_BOY_ENC |7 0 |9 33280 |a GE |b GE |d 2026-03-10 |l 0 |o 843.92 BOY ENC |p 11807 |r 2026-03-10 16:54:00 |w 2026-03-10 |y BK |z Donazione Carosio-Pivetta | ||
| 999 | |c 28908 |d 28908 | ||